| 000 | 01001nmc a2200385 a 4500 | ||
|---|---|---|---|
| 003 | AR-BaBNM | ||
| 005 | 20251128210856.0 | ||
| 008 | 081020s2000 ||||||||||||||000 | spa|| | ||
| 020 | _a987-906-521-2 | ||
| 040 | _cAR-BaBNM | ||
| 100 | 1 | _aCurry, Patrick | |
| 245 | 1 | 0 | _aMaquiavelo para principiantes |
| 260 |
_aBuenos Aires _bErrepar _c2000 |
||
| 300 | 0 |
_a174 p. _bil. |
|
| 490 | 0 |
_aPara principiantes _vv. 14 |
|
| 600 | 1 | 4 | _aMaquiavelo, Nicolás |
| 650 | 4 | _aBIOGRAFIAS | |
| 650 | 4 | _aDIVULGACION | |
| 650 | 4 | _aFILOSOFOS | |
| 650 | 4 | _aFILOSOFIA POLITICA | |
| 650 | 4 | _aGOBIERNO | |
| 650 | 4 | _aCIENCIAS SOCIALES | |
| 650 | 4 | _aLIDERAZGO POLITICO | |
| 650 | 4 | _aSOCIOLOGIA POLITICA | |
| 650 | 4 | _aHISTORIA EUROPEA | |
| 650 | 4 | _aRENACIMIENTO | |
| 653 | 0 | _aHISTORIETAS | |
| 653 | 0 | _aFILOSOFIA MODERNA | |
| 653 | 0 | _aHISTORIA ITALIANA | |
| 655 | _aBIOGRAFIAS | ||
| 700 | 1 |
_aZárate, Oscar _eilustrador |
|
| 700 | 1 |
_aWolfson, Leandro _etraductor |
|
| 942 | _cBK | ||
| 998 | _cMARTIN | ||
| 999 |
_c17265 _d17265 |
||